Entry Nombre personal
001 - NÚMERO DE CONTROL
- campo de control: 34780
003 - IDENTIFICADOR DE NÚMERO DE CONTROL
- campo de control: OSt
005 - FECHA Y HORA DE LA ÚLTIMA TRANSACCIÓN
- campo de control: 20230222192029.0
008 - ELEMENTOS DE DATO DE LONGITUD-FIJA
- campo de control de longitud fija: 020321 n acnnnaaan n ann d
040 ## - FUENTE DE CATALOGACIÓN
- Centro catalogador/agencia de origen: OSt
- Centro/agencia transcriptor: OSt
100 00 - ENCABEZAMIENTO-NOMBRE DE PERSONA
- Nombre de persona: Caparrós Lera, José María
400 00 - TRAZADO DE VÉASE--NOMBRE DE PERSONA
- Nombre de persona: Caparros Lera, J. M.
400 00 - TRAZADO DE VÉASE--NOMBRE DE PERSONA
- Nombre de persona: Caparros, José María
400 00 - TRAZADO DE VÉASE--NOMBRE DE PERSONA
- Nombre de persona: Caparros Lera, José Mª.
